| 000 | 00449nam a22001697a 4500 | ||
|---|---|---|---|
| 003 | SGT | ||
| 020 | _a9789388327954 | ||
| 082 |
_a616.024 _bE23C |
||
| 100 | _aCHUGH, N.N. | ||
| 245 | _aEMERGENCY MEDICINE FOR STUDENTS AND PRECTITINERS | ||
| 250 | _a5TH | ||
| 260 |
_aINDIA _bCBS PUB _c2023 |
||
| 300 | _a586 | ||
| 650 | _aGENERAL MEDICINE | ||
| 653 | _aEMERGENCY MEDICINE FOR STUDENTS AND PRECTITINERS, MEDICAL EMERGENCY | ||
| 942 |
_2ddc _cBK _015 |
||
| 999 |
_c24802 _d24802 |
||